| 000 | 01290nam a22002777a 4500 | ||
|---|---|---|---|
| 999 |
_c120794 _d120794 |
||
| 003 | dpl | ||
| 005 | 20190226144045.0 | ||
| 008 | 190226b ||||| |||| 00| 0 eng d | ||
| 010 | _aB-175850 | ||
| 020 |
_c200.00 _a8180590275 |
||
| 035 | _aB-175850, B-175857 | ||
| 037 | _bCen Lib/Ret | ||
| 040 |
_aDPL _bHN _c0 |
||
| 082 |
_a784.4 _bअमर |
||
| 100 |
_aअमर दिनेश _992651 |
||
| 245 |
_aब्रज और पंजाबी ऋतु-पर्वोत्सव एवं नृत्य-क्रीड़ा गीत / _cअमर दिनेश |
||
| 246 |
_aBraj aur punjabi ritu-parvotsav ewam nritye-kreeda geet / _bby Amar Dinesh |
||
| 260 |
_aदिल्ली _bश्री प्रकाशन _c2005 |
||
| 270 |
_bदिल्ली _aए-402, विद्युत् अपार्टमेंट, इन्द्रप्रस्थ एक्सटेंशन _e110092 |
||
| 300 |
_a181पृ. _c20सेमी(सजिल्द) |
||
| 650 |
_aभारत -- पंजाबी गीत _945314 |
||
| 650 |
_aभारत -- पंजाबी बाल गीत _992652 |
||
| 650 |
_aIndia - Punjabi songs _992653 |
||
| 650 |
_aIndia - Punjabi Child Lyrics _992654 |
||
| 942 |
_2ddc _cHN _h784.4 _mअमर |
||